Central Library OPAC University of Rajshahi

The nuclear arms race debated / (Record no. 59610)

MARC details
000 -LEADER
fixed length control field 00999nam a2200313 a 4500
001 - CONTROL NUMBER
control field 59610
003 - CONTROL NUMBER IDENTIFIER
rucl marc code BD-RjUL
005 - DATE AND TIME OF LATEST TRANSACTION
control field 20211209080742.0
008 - FIXED-LENGTH DATA ELEMENTS--GENERAL INFORMATION
fixed length control field 161226s1986 enk b 000 0 eng
020 ## - INTERNATIONAL STANDARD BOOK NUMBER
International Standard Book Number 007009862X (pbk.) :
Terms of availability $17.95
035 ## - SYSTEM CONTROL NUMBER
System control number (BD-RjUL)59734
040 ## - CATALOGING SOURCE
Original cataloging agency DLC
Transcribing agency DLC
Modifying agency DLC
-- BD-RjUL
Language of cataloging eng
041 ## - LANGUAGE CODE
Language code of text/sound track or separate title eng
082 00 - DEWEY DECIMAL CLASSIFICATION NUMBER
Classification number 355.0217
Edition number 23
Author mark and year LEN 1986
100 1# - MAIN ENTRY--PERSONAL NAME
Personal name Levine, Herbert M.
9 (RLIN) 177319
245 14 - TITLE STATEMENT
Title The nuclear arms race debated /
Statement of responsibility, etc. Herbert M. Levine, David Carlton.
260 ## - PUBLICATION, DISTRIBUTION, ETC. (IMPRINT)
Place of publication, distribution, etc. New York :
Name of publisher, distributor, etc. McGraw-Hill,
Date of publication, distribution, etc. c1986.
300 ## - PHYSICAL DESCRIPTION
Pagination xxiv, 398 p. ;
Size 24 cm.
504 ## - BIBLIOGRAPHY, ETC. NOTE
Bibliography, etc Includes bibliographies.
650 #0 - SUBJECT ADDED ENTRY--TOPICAL TERM
Topical term or geographic name as entry element Nuclear weapons.
9 (RLIN) 177320
Topical term or geographic name as entry element Nuclear warfare.
9 (RLIN) 172507
Topical term or geographic name as entry element Nuclear arms control.
9 (RLIN) 177321
Topical term or geographic name as entry element Deterrence (Strategy)
9 (RLIN) 176771
Topical term or geographic name as entry element Arms race
General subdivision History
Chronological subdivision 20th century.
9 (RLIN) 176314
651 #0 - SUBJECT ADDED ENTRY--GEOGRAPHIC NAME
Geographic name United States
General subdivision Military policy.
9 (RLIN) 176084
700 1# - ADDED ENTRY--PERSONAL NAME
Personal name Carlton, David,
Dates associated with a name 1938-
942 ## - ADDED ENTRY ELEMENTS (KOHA)
Source of classification or shelving scheme Dewey Decimal Classification
Koha item type Books
Holdings
Lost status Source of classification or shelving scheme Damaged status Not for loan Collection code Permanent Location Current Location Shelving location Date acquired Source of acquisition Total Checkouts Full call number Date last seen Copy number Koha item type
  Dewey Decimal Classification   Not For Loan Non-fiction Central Library, University of Rajshahi Central Library, University of Rajshahi Reading Room 24/08/1991 Asia foundation   355.0217 LEN 1986 26/12/2016 C-1 Books